Paesi del bacino del fiume Nilo su una mappa - Statistics

Statistiche generali
  • Questo quiz è stato fatto 86 volte
  • Il punteggio medio è 10 su 11
Risposte nella Mappa
Le risposte nella mappa del quiz sottostante sono codificate secondo una scala di colori dal rosso al verde in base alla % di persone che hanno risposto correttamente.
 
Statistiche sulle risposte
nazione % Corretto
Egitto
100%
Etiopia
100%
Eritrea
99%
Sudan
97%
Kenya
96%
Sud Sudan
96%
Rep Dem Congo
95%
Burundi
91%
Ruanda
90%
Tanzania
90%
Uganda
88%
Nessun quiz corrispondente trovato
Distribuzione punteggi
Percentuale di utenti per punteggio
Percentile per numero di risposta
I tuoi punteggi nel tempo
Non hai fatto questo quiz